000 00688nam a22002291a 4500
001 36268
003 BD-RjUL
005 20211209052449.0
008 140618s1961 enk b 00110 eng d
035 _a(BD-RjUL)36365
040 _aDLC
_beng
_cDLC
_dBD-RjUL
041 _aeng
082 0 0 _a320.1
_bULP 1961
100 1 _aUllmann, Walter,
_d1910-
_96443
245 1 0 _aPrinciples of government and politics in the Middle Ages /
_cWalter Ullmann.
260 _aLondon :
_bMethuen,
_c1961.
300 _a320 p. ;
_c22 cm.
504 _aIncludes bibliographical references and index.
650 0 _aConstitutional history, Medieval.
_9497
650 0 _aState, The.
_9110383
942 _2ddc
_cBK
999 _c36268
_d36268